Missing Word: Animals in Nursery Rhymes Quiz Stats

 Plays Quiz Updated Jul 5, 2016

Challenge
Share
Tweet
Embed
Score 0/10 Timer 01:30
0 Plays Today
Hint Answer % Correct
Mary had a little ______Lamb
99.6%
Baa baa black ______Sheep
99%
To get her poor ______ a boneDog
98%
And the ______ jumped over the moonCow
97.5%
This little ______ went to marketPiggy
96.7%
The ______ ran up the clockMouse
96.5%
Three little ______ lost their mittensKittens
95%
Along came a ______ and sat down beside herSpider
94.6%
The ______ and the fiddleCat
90.6%
Four and twenty ______ baked in a pieBlackbirds
79.9%

Today's Daily Dose

You're not logged in!

Compare scores with friends on all Sporcle quizzes.
Join for Free
OR
Log In

You Might Also Like...

Show Comments

Extras

Top Quizzes Today


Score Distribution

Your Account Isn't Verified!

In order to create a playlist on Sporcle, you need to verify the email address you used during registration. Go to your Sporcle Settings to finish the process.

Report this User

Report this user for behavior that violates our Community Guidelines.

Details: